<?xml version="1.0" encoding="UTF-8"?>
<record
    xmlns:xsi="http://www.w3.org/2001/XMLSchema-instance"
    xsi:schemaLocation="http://www.loc.gov/MARC21/slim http://www.loc.gov/standards/marcxml/schema/MARC21slim.xsd"
    xmlns="http://www.loc.gov/MARC21/slim">

  <leader>00540nam a2200145Ia 4500</leader>
  <controlfield tag="008">100204s9999    xx            000 0 und d</controlfield>
  <datafield tag="082" ind1=" " ind2=" ">
    <subfield code="b">3001</subfield>
  </datafield>
  <datafield tag="100" ind1=" " ind2=" ">
    <subfield code="a">&#x92E;&#x94B;&#x939;&#x94B;&#x921;    &#x92C;&#x93E;&#x92C;&#x93E;   &#x938;&#x902;&#x92A;&#x93E;.</subfield>
  </datafield>
  <datafield tag="245" ind1=" " ind2=" ">
    <subfield code="a">&#x905;&#x902;&#x915;&#x941;&#x930; ( &#x92E;&#x930;&#x93E;&#x920;&#x940; &#x915;&#x935;&#x93F;&#x924;&#x93E; 1976 )</subfield>
  </datafield>
  <datafield tag="260" ind1=" " ind2=" ">
    <subfield code="b">"&#x935;&#x902;&#x926;&#x928;   &#x92A;&#x94D;&#x930;&#x915;&#x93E;&#x936;&#x928; , &#x905;&#x92E;&#x930;&#x93E;&#x935;&#x924;&#x940;"</subfield>
    <subfield code="c">1976</subfield>
  </datafield>
  <datafield tag="300" ind1=" " ind2=" ">
    <subfield code="a">243</subfield>
  </datafield>
  <datafield tag="630" ind1=" " ind2=" ">
    <subfield code="a">&#x905;&#x902;&#x915;&#x941;&#x930; ( &#x92E;&#x930;&#x93E;&#x920;&#x940; &#x915;&#x935;&#x93F;&#x924;&#x93E; 1976 )</subfield>
  </datafield>
  <datafield tag="730" ind1=" " ind2=" ">
    <subfield code="a">&#x905;&#x902;&#x915;&#x941;&#x930; ( &#x92E;&#x930;&#x93E;&#x920;&#x940; &#x915;&#x935;&#x93F;&#x924;&#x93E; 1976 )</subfield>
  </datafield>
  <datafield tag="942" ind1=" " ind2=" ">
    <subfield code="c">BOOK</subfield>
  </datafield>
  <datafield tag="999" ind1=" " ind2=" ">
    <subfield code="c">447983</subfield>
    <subfield code="d">447980</subfield>
  </datafield>
  <datafield tag="952" ind1=" " ind2=" ">
    <subfield code="0">0</subfield>
    <subfield code="1">0</subfield>
    <subfield code="4">1</subfield>
    <subfield code="7">0</subfield>
    <subfield code="a">NCKMULUND</subfield>
    <subfield code="b">NCKMULUND</subfield>
    <subfield code="d">2010-02-04</subfield>
    <subfield code="g">10.00</subfield>
    <subfield code="l">0</subfield>
    <subfield code="o">3001</subfield>
    <subfield code="p">NCKMULUND-3001</subfield>
    <subfield code="r">2010-02-04 00:00:00</subfield>
    <subfield code="v">10.00</subfield>
    <subfield code="w">2010-02-04</subfield>
    <subfield code="y">BOOK</subfield>
    <subfield code="z">2)&#x92B;&#x93E;&#x91F;&#x915;&#x947;</subfield>
  </datafield>
</record>
